Apni Talash (Record no. 608298)
[ view plain ]
| 000 -LEADER | |
|---|---|
| fixed length control field | 00623nam a22002177a 4500 |
| 003 - CONTROL NUMBER IDENTIFIER | |
| control field | OSt |
| 005 - DATE AND TIME OF LATEST TRANSACTION | |
| control field | 20240227101859.0 |
| 008 - FIXED-LENGTH DATA ELEMENTS--GENERAL INFORMATION | |
| fixed length control field | 181206t pk g |||| 00| 0 urd d |
| 040 ## - CATALOGING SOURCE | |
| Transcribing agency | 0 |
| 082 ## - DEWEY DECIMAL CLASSIFICATION NUMBER | |
| Classification number | 150.1986 |
| Author Mark | QAS 2017 |
| 100 1# - MAIN ENTRY--PERSONAL NAME | |
| Personal name | Shah, Qasim Ali |
| 9 (RLIN) | 12591 |
| 245 10 - TITLE STATEMENT | |
| Title | Apni Talash |
| Statement of responsibility, etc. | Qasim Ali Shah |
| 246 ## - VARYING FORM OF TITLE | |
| Title proper/short title | Mans search for himself |
| 260 ## - PUBLICATION, DISTRIBUTION, ETC. | |
| Place of publication, distribution, etc. | Lahore: |
| Name of publisher, distributor, etc. | Naye Sooch, |
| Date of publication, distribution, etc. | 2017. |
| 300 ## - PHYSICAL DESCRIPTION | |
| Extent | 176 p. |
| 650 10 - SUBJECT ADDED ENTRY--TOPICAL TERM | |
| Topical term or geographic name entry element | Self perception |
| 9 (RLIN) | 112678 |
| 650 10 - SUBJECT ADDED ENTRY--TOPICAL TERM | |
| Topical term or geographic name entry element | Humanistic Psychology |
| 9 (RLIN) | 121395 |
| 650 10 - SUBJECT ADDED ENTRY--TOPICAL TERM | |
| Topical term or geographic name entry element | Psychology,Applied |
| 9 (RLIN) | 4078 |
| 650 10 - SUBJECT ADDED ENTRY--TOPICAL TERM | |
| Topical term or geographic name entry element | Mans search for himself |
| 9 (RLIN) | 121396 |
| 942 ## - ADDED ENTRY ELEMENTS (KOHA) | |
| Source of classification or shelving scheme | |
| Koha item type | Book |
| Institution code [OBSOLETE] | SADA |
| Call number prefix | 150.1986 QAS 2017 |
| Withdrawn status | Lost status | Source of classification or shelving scheme | Damaged status | Not for loan | Permanent Location | Current Location | Date acquired | Source of acquisition | Total Checkouts | Full call number | Barcode | Date last seen | Copy number | Price effective from | Koha item type |
|---|---|---|---|---|---|---|---|---|---|---|---|---|---|---|---|
| School of Art Design and Architecture (SADA) | School of Art Design and Architecture (SADA) | 02/06/2018 | Donation | 150.1986 QAS 2017 | SADAD0000382 | 02/27/2024 | 01 | 02/27/2024 | Book | ||||||
| School of Art Design and Architecture (SADA) | School of Art Design and Architecture (SADA) | 02/06/2018 | Donation | 150.1986 QAS 2017 | SADAD0000383 | 02/27/2024 | 02 | 02/27/2024 | Book | ||||||
| School of Art Design and Architecture (SADA) | School of Art Design and Architecture (SADA) | 02/06/2018 | Donation | 150.1986 QAS 2017 | SADAD0000384 | 02/27/2024 | 03 | 02/27/2024 | Book | ||||||
| School of Art Design and Architecture (SADA) | School of Art Design and Architecture (SADA) | 02/06/2018 | Donation | 150.1986 QAS 2017 | SADAD0000385 | 02/27/2024 | 04 | 02/27/2024 | Book | ||||||
| School of Art Design and Architecture (SADA) | School of Art Design and Architecture (SADA) | 02/06/2018 | Donation | 150.1986 QAS 2017 | SADAD0000386 | 02/27/2024 | 05 | 02/27/2024 | Book |
